Countries With The Most Water - Statistics

General Stats
  • This quiz has been taken 33 times
  • The average score is 11 of 20
Answer Stats
~ % Answer % Correct
8.9 Canada
100%
4.2 Russia
96%
2.7 United States
96%
10.1 Finland
75%
3.5 Norway
75%
8.9 Sweden
75%
2.8 China
68%
9.6 India
68%
4.0 Kazakhstan
61%
3.1 Argentina
54%
3.4 Turkey
54%
6.5 Tanzania
46%
18.2 Uganda
43%
9.6 Bangladesh
39%
20.6 Malawi
39%
9.4 Ethiopia
36%
18.7 Netherlands
32%
7.9 Bolivia
25%
7.1 Zambia
25%
9.0 Nicaragua
11%
No matching quizzes found
Score Distribution
Percent of People with Each Score
Percentile by Number Answered
Your Score History
You have not taken this quiz